• 首页
  • 本馆介绍
  • 公告通知
  • 最新文献
  • 馆藏检索
  • 电子资源
  • 读者导购
  • 参考咨询
  • 我的图书馆
  • 登录
  • 详细信息显示
  • 放入我的书架
  • 预约/预借图书
  • 作者相关作品
  • 分类相关作品
  • 丛书相关作品
  • 出版社相关作品

书目信息

  • 表格格式
  • 工作单格式
  • 卡片格式
题名:
中小型水利水电工程地质
    
 
作者: 本书组编
分册:  
出版信息:   水利水电出版社  1978.06
页数: 346页
开本: 26cm
丛书名:
单 册:
中图分类: TV742
科图分类:
主题词: 水力发电站--各种--建筑 , 水力发电站--各种--设备
电子资源:
ISBN: 7-120-02154-0
000 00572nam0 2200181 450
001 0835792009
005 20081118100349.56
010    @a7-120-02154-0@dCNY1.80
100    @a20081118d1978 km y0chiy0120 ea
101 0  @achi
200 1  @a中小型水利水电工程地质@Azhong xiao xing shui li shui dian gong cheng di zhi@f本书组编@Fben shu zu bian
210    @c水利水电出版社@d1978.06
215    @a346页@d26cm
606 0  @a水力发电站@x各种@x建筑
606 0  @a水力发电站@x各种@x设备
690    @aTV742@v4
801  0 @aCN@b大连网信软件有限公司图书馆·11@c20081118
905    @aBZT@dTV742@e1
    
    中小型水利水电工程地质/本书组编.-水利水电出版社,1978.06
    346页;26cm
    
    
    ISBN 7-120-02154-0:CNY1.80
    
●
相关链接 在五车中查询图书 在当当中查询图书 在豆瓣中查询图书


正题名:中小型水利水电工程地质     索取号:TV742/1         预约/预借

序号 登录号 条形码 馆藏地/架位号 状态 备注
1 041739   201211633   中心书库中库/ 中库022架B面6列6层24/ [索取号:TV742/1] 在馆    
山东省滨州职业学院图书馆 欢迎您!
大连网信软件有限公司© 版权所有